[Event "Pescia op-A 5th"]
[Site "Pescia"]
[Date "2013.10.12"]
[Round "2"]
[White "Fabbri, Marcello"]
[Black "Del Giudice, Stefano"]
[Result "1-0"]
[WhiteElo "1771"]
[BlackElo "1909"]
[PlyCount "31"]
[EventDate "2013.10.11"]
[EventType "swiss"]
[EventRounds "5"]
[EventCountry "ITA"]
[SourceTitle "EXT 2015"]
[Source "ChessBase"]
[SourceDate "2014.11.20"]
[SourceVersion "1"]
[SourceVersionDate "2014.11.20"]
[SourceQuality "1"]

1. Nf3 g6 2. e4 d6 3. d4 Nf6 4. Nc3 Bg7 5. Bc4 0-0 6. 0-0 c6 7. Be3 b5 8. Bd3 b4 9. Ne2 Nbd7 10. Qd2 a5 11. Bh6 e5 12. Rad1 Qe7 13. Bxg7 Kxg7 14. Ng3 Nb6 15. Qg5 h6 16. Nh5+ 1-0

[Event "Lesa op 2nd"]
[Site "Lesa"]
[Date "2013.09.20"]
[Round "1"]
[White "Fabbri, Marcello"]
[Black "Naumkin, Igor"]
[Result "0-1"]
[WhiteElo "1772"]
[BlackElo "2461"]
[PlyCount "60"]
[EventDate "2013.09.20"]
[EventType "swiss"]
[EventRounds "5"]
[EventCountry "ITA"]
[SourceTitle "EXT 2015"]
[Source "ChessBase"]
[SourceDate "2014.11.20"]
[SourceVersion "1"]
[SourceVersionDate "2014.11.20"]
[SourceQuality "1"]

1. Nf3 Nf6 2. d4 e6 3. Bg5 c5 4. e3 Nc6 5. Nbd2 Be7 6. c3 b6 7. Qc2 Bb7 8. Bd3 Rc8 9. a3 h6 10. Bh4 0-0 11. Nc4 d6 12. Qe2 b5 13. Ncd2 a6 14. 0-0 cxd4 15. Nxd4 Ne5 16. Bc2 Re8 17. f4 Ned7 18. e4 Qc7 19. N2f3 Bf8 20. Bxf6 Nxf6 21. e5 Nd5 22. Qd3 g6 23. Nh4 Bg7 24. exd6 Qxd6 25. f5 exf5 26. Ndxf5 gxf5 27. Qxf5 Nf6 28. Rf2 Qc5 29. Qd3 Be4 30. Qd2 Bxc2 0-1